| 000 | 00733nam a22002177a 4500 | ||
|---|---|---|---|
| 999 |
_c14374 _d14374 |
||
| 003 | AR-CdUCM | ||
| 008 | 190423b ||||| |||| 00| 0 spa d | ||
| 040 |
_aMUNICIPALIDAD PROVINCIAL DEL CUSCO _cBIBLIOTECA MUNICIPAL DEL CUSCO |
||
| 041 | _heng | ||
| 082 |
_aPI / 803.08 / _bN54 |
||
| 110 |
_aPaw Productions, Inc. _933109 |
||
| 245 |
_aNickelodeon Paw Patrol : _bLos cachorros salvan a las tortugas / |
||
| 260 |
_aMéxico : _bSilver Dolphin, _c2017. |
||
| 300 |
_bilustraciones, _c19 cm. |
||
| 650 |
_aEducación infantil _912296 |
||
| 650 |
_aLiteratura infantil _9588 |
||
| 650 |
_aCuentos infantiles _93927 |
||
| 700 |
_aPuente Montelongo, Elizabeth (traducción) _932822 |
||
| 942 |
_2ddc _cLIBROS |
||
| 945 |
_aachl _d2019-04-23 |
||